[Event "Team Championship (men blitz)"]
[Site "Sochi"]
[Date "2017.10.05"]
[Round "6.29"]
[White "Moskalenko, Alexander"]
[Black "Kurbedinov, Ramis"]
[Result "1-0"]
[LiveChessVersion "1.4.8"]
[BlackElo "2259"]
[WhiteElo "2580"]

1. e4 {[%clk 0:03:02]} g6 {[%clk 0:03:02]} 2. d4 {[%clk 0:03:03]} Bg7
{[%clk 0:03:04]} 3. Nf3 {[%clk 0:03:01]} d6 {[%clk 0:03:05]} 4. c3
{[%clk 0:03:00]} Nc6 {[%clk 0:03:02]} 5. Bb5 {[%clk 0:02:58]} Bd7
{[%clk 0:02:59]} 6. O-O {[%clk 0:02:57]} e5 {[%clk 0:03:00]} 7. dxe5
{[%clk 0:02:57]} Nxe5 {[%clk 0:02:51]} 8. Bxd7+ {[%clk 0:02:57]} Qxd7
{[%clk 0:02:52]} 9. Nxe5 {[%clk 0:02:58]} Bxe5 {[%clk 0:02:50]} 10. Nd2
{[%clk 0:02:48]} O-O-O {[%clk 0:02:43]} 11. Nf3 {[%clk 0:02:45]} Bg7
{[%clk 0:02:41]} 12. Be3 {[%clk 0:02:46]} Ne7 {[%clk 0:02:33]} 13. a4
{[%clk 0:02:27]} Kb8 {[%clk 0:02:31]} 14. Re1 {[%clk 0:02:04]} f5
{[%clk 0:02:30]} 15. Bg5 {[%clk 0:01:47]} fxe4 {[%clk 0:02:30]} 16. Rxe4
{[%clk 0:01:47]} Rde8 {[%clk 0:02:32]} 17. Qe2 {[%clk 0:01:34]} Nf5
{[%clk 0:01:58]} 18. Re1 {[%clk 0:01:34]} Rxe4 {[%clk 0:01:48]} 19. Qxe4
{[%clk 0:01:35]} h6 {[%clk 0:01:45]} 20. Bd2 {[%clk 0:01:33]} g5 {[%clk 0:01:23]}
21. h3 {[%clk 0:01:34]} d5 {[%clk 0:00:59]} 22. Qe6 {[%clk 0:01:33]} Qxe6
{[%clk 0:00:51]} 23. Rxe6 {[%clk 0:01:34]} Rd8 {[%clk 0:00:33]} 24. g4
{[%clk 0:01:30]} Nd6 {[%clk 0:00:30]} 25. Rg6 {[%clk 0:01:30]} Bf8
{[%clk 0:00:30]} 26. Nd4 {[%clk 0:01:27]} Ne4 {[%clk 0:00:21]} 27. Be3
{[%clk 0:01:24]} a6 {[%clk 0:00:10]} 28. Ne6 {[%clk 0:00:59]} Rc8
{[%clk 0:00:10]} 29. f3 {[%clk 0:00:37]} Nd6 {[%clk 0:00:09]} 30. Bc5
{[%clk 0:00:38]} b6 {[%clk 0:00:05]} 31. Ba3 {[%clk 0:00:37]} Re8
{[%clk 0:00:04]} 32. Nxf8 {[%clk 0:00:37]} Rxf8 {[%clk 0:00:05]} 33. Rxd6
{[%clk 0:00:37]} Rh8 1-0

[Event "Team Championship (men blitz)"]
[Site "Sochi"]
[Date "2017.10.05"]
[Round "6.30"]
[White "Iljin, Timofey"]
[Black "Oganian, Miran"]
[Result "1-0"]
[LiveChessVersion "1.4.8"]
[BlackElo "2496"]
[WhiteElo "2373"]

1. d4 {[%clk 0:03:03]} Nf6 {[%clk 0:03:03]} 2. c4 {[%clk 0:03:05]} Nc6
{[%clk 0:03:04]} 3. Nf3 {[%clk 0:03:05]} e6 {[%clk 0:03:05]} 4. Nc3
{[%clk 0:03:03]} Bb4 {[%clk 0:03:07]} 5. Qc2 {[%clk 0:03:04]} Qe7
{[%clk 0:03:06]} 6. a3 {[%clk 0:02:56]} Bxc3+ {[%clk 0:03:06]} 7. Qxc3
{[%clk 0:02:58]} d6 {[%clk 0:03:08]} 8. g3 {[%clk 0:02:59]} a5 {[%clk 0:03:07]}
9. b3 {[%clk 0:02:55]} O-O {[%clk 0:03:07]} 10. Bg2 {[%clk 0:02:56]} e5
{[%clk 0:03:08]} 11. dxe5 {[%clk 0:02:49]} dxe5 {[%clk 0:03:08]} 12. O-O
{[%clk 0:02:48]} Bg4 {[%clk 0:03:05]} 13. Bb2 {[%clk 0:02:49]} Rfe8
{[%clk 0:03:06]} 14. Rfe1 {[%clk 0:02:38]} h6 {[%clk 0:03:03]} 15. h3
{[%clk 0:02:34]} Bf5 {[%clk 0:02:54]} 16. e3 {[%clk 0:02:17]} Ne4
{[%clk 0:02:51]} 17. Qc1 {[%clk 0:02:12]} Nc5 {[%clk 0:02:52]} 18. Qc3
{[%clk 0:02:06]} Nd3 {[%clk 0:02:24]} 19. Re2 {[%clk 0:02:07]} Rad8
{[%clk 0:02:18]} 20. Nh4 {[%clk 0:01:53]} Bh7 {[%clk 0:02:11]} 21. Rd2
{[%clk 0:01:42]} Nxb2 {[%clk 0:02:01]} 22. Qxb2 {[%clk 0:01:43]} Rxd2
{[%clk 0:02:00]} 23. Qxd2 {[%clk 0:01:44]} Rd8 {[%clk 0:02:02]} 24. Qe2
{[%clk 0:01:26]} Rd3 {[%clk 0:01:57]} 25. b4 {[%clk 0:00:56]} e4 {[%clk 0:01:48]}
26. Bf1 {[%clk 0:00:31]} g5 {[%clk 0:01:16]} 27. Ng2 {[%clk 0:00:30]} axb4
{[%clk 0:00:46]} 28. axb4 {[%clk 0:00:28]} Nxb4 {[%clk 0:00:47]} 29. Qg4
{[%clk 0:00:20]} Rd8 {[%clk 0:00:43]} 30. h4 {[%clk 0:00:17]} Nc6
{[%clk 0:00:36]} 31. Ne1 {[%clk 0:00:11]} Ne5 {[%clk 0:00:36]} 32. Qh3
{[%clk 0:00:10]} g4 {[%clk 0:00:34]} 33. Qg2 {[%clk 0:00:09]} h5 {[%clk 0:00:30]}
34. Be2 {[%clk 0:00:10]} Rd2 35. Qf1 Qf6 {[%clk 0:00:26]} 36. Ng2
{[%clk 0:00:12]} Nf3+ {[%clk 0:00:13]} 37. Bxf3 {[%clk 0:00:13]} gxf3
{[%clk 0:00:11]} 38. Nf4 {[%clk 0:00:14]} Qf5 {[%clk 0:00:11]} 39. Kh2
{[%clk 0:00:14]} Bg6 {[%clk 0:00:10]} 40. Rd1 {[%clk 0:00:14]} Ra2
{[%clk 0:00:08]} 41. Ra1 {[%clk 0:00:15]} Qa5 {[%clk 0:00:08]} 42. Rxa2
{[%clk 0:00:09]} Qxa2 {[%clk 0:00:09]} 43. g4 {[%clk 0:00:09]} hxg4 44. Kg3 Qd2
{[%clk 0:00:04]} 45. Qa1 {[%clk 0:00:10]} Qd7 {[%clk 0:00:03]} 46. Qf6
{[%clk 0:00:09]} Qf5 {[%clk 0:00:03]} 47. Qd8+ {[%clk 0:00:07]} Kh7
{[%clk 0:00:04]} 48. Qxc7 {[%clk 0:00:08]} b5 {[%clk 0:00:04]} 49. c5
{[%clk 0:00:06]} b4 {[%clk 0:00:05]} 50. Qb6 {[%clk 0:00:06]} b3 {[%clk 0:00:07]}
51. c6 {[%clk 0:00:06]} Qc8 {[%clk 0:00:04]} 52. h5 {[%clk 0:00:06]} Bf5
{[%clk 0:00:03]} 53. Qb7 {[%clk 0:00:07]} b2 {[%clk 0:00:03]} 54. Qxb2
{[%clk 0:00:04]} Qxc6 {[%clk 0:00:04]} 55. Qe5 {[%clk 0:00:05]} Qd7
{[%clk 0:00:03]} 56. Nd5 {[%clk 0:00:05]} Qe6 {[%clk 0:00:04]} 57. Nf6+
{[%clk 0:00:05]} Kh6 {[%clk 0:00:03]} 58. Qf4+ {[%clk 0:00:05]} Kg7
{[%clk 0:00:04]} 59. Qg5+ {[%clk 0:00:06]} Kf8 {[%clk 0:00:05]} 60. Nxg4
{[%clk 0:00:06]} Bxg4 {[%clk 0:00:05]} 61. Qxg4 Qe5+ {[%clk 0:00:06]} 62. Qf4
{[%clk 0:00:06]} Qg7+ 63. Qg4 {[%clk 0:00:06]} Qe5+ {[%clk 0:00:09]} 64. Qf4
{[%clk 0:00:07]} Qg7+ {[%clk 0:00:09]} 65. Kh4 {[%clk 0:00:05]} Qg2
{[%clk 0:00:08]} 66. Qg3 f6 {[%clk 0:00:05]} 67. Kg4 {[%clk 0:00:04]} Kf7
{[%clk 0:00:04]} 68. Kf4 {[%clk 0:00:05]} Qh1 {[%clk 0:00:04]} 69. Qg6+
{[%clk 0:00:05]} Ke7 {[%clk 0:00:04]} 70. Kxe4 {[%clk 0:00:06]} Qh4+
{[%clk 0:00:04]} 71. Kxf3 {[%clk 0:00:06]} Qh1+ {[%clk 0:00:05]} 72. Ke2
{[%clk 0:00:06]} Qh4 {[%clk 0:00:05]} 73. Qg7+ {[%clk 0:00:06]} Ke6
{[%clk 0:00:06]} 74. h6 {[%clk 0:00:06]} Qh5+ {[%clk 0:00:08]} 75. f3
{[%clk 0:00:05]} Qb5+ {[%clk 0:00:04]} 76. Kf2 {[%clk 0:00:07]} Qh5
{[%clk 0:00:03]} 77. Qg4+ {[%clk 0:00:07]} Kd5 1-0

[Event "Team Championship (men blitz)"]
[Site "Sochi"]
[Date "2017.10.05"]
[Round "6.31"]
[White "Vastrukhin, Oleg"]
[Black "Papenin, Nikolai"]
[Result "1-0"]
[LiveChessVersion "1.4.8"]
[BlackElo "2334"]
[WhiteElo "2424"]

1. e4 {[%clk 0:03:03]} e5 {[%clk 0:03:03]} 2. Nf3 {[%clk 0:03:04]} Nc6
{[%clk 0:03:04]} 3. Bc4 {[%clk 0:03:05]} Nf6 {[%clk 0:03:05]} 4. d3
{[%clk 0:03:07]} Be7 {[%clk 0:03:05]} 5. c3 {[%clk 0:03:08]} O-O {[%clk 0:03:05]}
6. Nbd2 {[%clk 0:03:09]} d6 {[%clk 0:03:06]} 7. Bb3 {[%clk 0:03:11]} Be6
{[%clk 0:03:03]} 8. Bc2 {[%clk 0:03:09]} h6 {[%clk 0:02:59]} 9. h3
{[%clk 0:03:10]} d5 {[%clk 0:02:58]} 10. O-O {[%clk 0:03:09]} Qd7
{[%clk 0:02:59]} 11. Re1 {[%clk 0:03:10]} dxe4 {[%clk 0:02:22]} 12. dxe4
{[%clk 0:03:10]} Rad8 {[%clk 0:02:14]} 13. Qe2 {[%clk 0:03:10]} a6
{[%clk 0:02:05]} 14. Nc4 {[%clk 0:03:07]} Bxc4 {[%clk 0:01:57]} 15. Qxc4
{[%clk 0:03:07]} Rfe8 {[%clk 0:01:42]} 16. Be3 {[%clk 0:03:08]} Qe6
{[%clk 0:01:29]} 17. Qxe6 {[%clk 0:03:05]} fxe6 {[%clk 0:01:30]} 18. b4
{[%clk 0:03:05]} Nh5 {[%clk 0:01:17]} 19. g3 {[%clk 0:03:06]} Nf6
{[%clk 0:01:14]} 20. a4 {[%clk 0:03:06]} Bd6 {[%clk 0:01:14]} 21. Red1
{[%clk 0:03:01]} Rf8 {[%clk 0:01:10]} 22. Kg2 {[%clk 0:03:02]} Kf7
{[%clk 0:01:04]} 23. Bd3 {[%clk 0:02:57]} Ke7 {[%clk 0:00:59]} 24. b5
{[%clk 0:02:58]} Nb8 {[%clk 0:00:54]} 25. Nd2 {[%clk 0:02:47]} Nfd7
{[%clk 0:00:51]} 26. Nc4 {[%clk 0:02:46]} Nc5 {[%clk 0:00:42]} 27. Bc2
{[%clk 0:02:45]} Nbd7 {[%clk 0:00:41]} 28. Rab1 {[%clk 0:02:40]} axb5
{[%clk 0:00:38]} 29. Rxb5 {[%clk 0:02:37]} b6 {[%clk 0:00:31]} 30. a5
{[%clk 0:02:37]} bxa5 {[%clk 0:00:30]} 31. Nxa5 {[%clk 0:02:36]} Ra8
{[%clk 0:00:28]} 32. Nc6+ {[%clk 0:02:31]} Kf7 {[%clk 0:00:30]} 33. Bxc5
{[%clk 0:01:49]} Nxc5 {[%clk 0:00:30]} 34. Nxe5+ {[%clk 0:01:49]} Bxe5
{[%clk 0:00:30]} 35. Rxc5 {[%clk 0:01:50]} Bd6 {[%clk 0:00:29]} 36. Rb5
{[%clk 0:01:48]} e5 {[%clk 0:00:27]} 37. Bb3+ {[%clk 0:01:46]} Ke7
{[%clk 0:00:28]} 38. Bd5 {[%clk 0:01:47]} Rab8 {[%clk 0:00:27]} 39. Rdb1
{[%clk 0:01:44]} Rxb5 {[%clk 0:00:28]} 40. Rxb5 {[%clk 0:01:46]} g5
{[%clk 0:00:26]} 41. c4 {[%clk 0:01:44]} Ba3 {[%clk 0:00:23]} 42. c5
{[%clk 0:01:39]} Kd7 {[%clk 0:00:18]} 43. f3 {[%clk 0:01:19]} Rf6 44. c6+ Ke7
{[%clk 0:00:15]} 45. Rb8 {[%clk 0:01:17]} 1-0

[Event "Team Championship (men blitz)"]
[Site "Sochi"]
[Date "2017.10.05"]
[Round "6.32"]
[White "Derjabin, Ilja"]
[Black "Gochelashvili, David"]
[Result "1/2-1/2"]
[LiveChessVersion "1.4.8"]
[BlackElo "2440"]
[WhiteElo "2388"]

1. d4 {[%clk 0:03:03]} g6 {[%clk 0:03:04]} 2. c4 {[%clk 0:03:04]} Bg7
{[%clk 0:03:05]} 3. e4 {[%clk 0:03:06]} c5 {[%clk 0:03:04]} 4. d5
{[%clk 0:03:07]} d6 {[%clk 0:03:05]} 5. Nc3 {[%clk 0:03:08]} e6 {[%clk 0:03:07]}
6. Nge2 {[%clk 0:03:09]} Ne7 {[%clk 0:03:07]} 7. Ng3 {[%clk 0:03:10]} O-O
{[%clk 0:03:04]} 8. Be2 {[%clk 0:03:12]} a6 {[%clk 0:03:04]} 9. a4
{[%clk 0:03:13]} exd5 {[%clk 0:03:00]} 10. cxd5 {[%clk 0:03:14]} f5
{[%clk 0:02:52]} 11. exf5 {[%clk 0:03:15]} Nxf5 {[%clk 0:02:53]} 12. Nxf5
{[%clk 0:03:11]} Bxf5 {[%clk 0:02:54]} 13. O-O {[%clk 0:03:11]} Qh4
{[%clk 0:02:48]} 14. a5 {[%clk 0:02:50]} Nd7 {[%clk 0:02:29]} 15. Ra4
{[%clk 0:02:47]} Bd4 {[%clk 0:02:17]} 16. Be3 {[%clk 0:02:39]} b5
{[%clk 0:02:18]} 17. axb6 {[%clk 0:02:32]} Nxb6 {[%clk 0:02:19]} 18. Rxa6
{[%clk 0:02:09]} Rxa6 {[%clk 0:02:04]} 19. Bxa6 {[%clk 0:02:10]} Bxe3
{[%clk 0:01:57]} 20. fxe3 {[%clk 0:02:11]} Qb4 {[%clk 0:01:51]} 21. Qe2
{[%clk 0:01:49]} Re8 {[%clk 0:01:42]} 22. Bb5 {[%clk 0:01:38]} Re7
{[%clk 0:01:40]} 23. Qf2 {[%clk 0:01:25]} Rf7 {[%clk 0:00:57]} 24. Be8
{[%clk 0:01:23]} Rf8 {[%clk 0:00:52]} 25. Bc6 {[%clk 0:01:14]} Rf7
{[%clk 0:00:29]} 26. h3 {[%clk 0:00:58]} g5 {[%clk 0:00:15]} 27. Be8
{[%clk 0:00:58]} Rf8 {[%clk 0:00:15]} 28. e4 {[%clk 0:00:59]} Qd4
{[%clk 0:00:12]} 29. Qxd4 {[%clk 0:00:44]} cxd4 {[%clk 0:00:13]} 30. Nb5
{[%clk 0:00:40]} Bxe4 {[%clk 0:00:11]} 31. Nxd6 {[%clk 0:00:37]} Rxf1+
{[%clk 0:00:11]} 32. Kxf1 {[%clk 0:00:38]} Bxd5 {[%clk 0:00:12]} 33. Nf5
{[%clk 0:00:39]} Kf8 {[%clk 0:00:10]} 34. Bb5 {[%clk 0:00:37]} Nc4
{[%clk 0:00:08]} 35. Nxd4 {[%clk 0:00:36]} Nxb2 {[%clk 0:00:06]} 36. Kf2
{[%clk 0:00:30]} Nc4 {[%clk 0:00:06]} 37. Nf5 {[%clk 0:00:28]} Ne5
{[%clk 0:00:04]} 38. Be2 {[%clk 0:00:28]} Be4 {[%clk 0:00:04]} 39. Nd6
{[%clk 0:00:29]} Bg6 {[%clk 0:00:06]} 40. g3 {[%clk 0:00:30]} Ke7
{[%clk 0:00:07]} 41. Nb5 {[%clk 0:00:30]} Nc6 {[%clk 0:00:08]} 42. Nc3
{[%clk 0:00:30]} Nd4 {[%clk 0:00:09]} 43. Bd1 {[%clk 0:00:31]} Kd6
{[%clk 0:00:10]} 44. h4 {[%clk 0:00:30]} gxh4 {[%clk 0:00:10]} 45. gxh4
{[%clk 0:00:31]} h6 {[%clk 0:00:11]} 46. Bg4 {[%clk 0:00:28]} Ke5
{[%clk 0:00:13]} 47. Kg3 {[%clk 0:00:27]} h5 {[%clk 0:00:12]} 48. Bc8
{[%clk 0:00:28]} Bf5 {[%clk 0:00:13]} 49. Bb7 {[%clk 0:00:27]} Bg4
{[%clk 0:00:14]} 50. Be4 {[%clk 0:00:23]} Ne6 {[%clk 0:00:14]} 51. Bc2
{[%clk 0:00:19]} Nf4 {[%clk 0:00:14]} 52. Bb1 {[%clk 0:00:15]} Ne6
{[%clk 0:00:15]} 53. Ba2 {[%clk 0:00:16]} Ng7 {[%clk 0:00:15]} 54. Bb1
{[%clk 0:00:15]} Kd4 {[%clk 0:00:15]} 55. Nb5+ {[%clk 0:00:15]} Ke3
{[%clk 0:00:16]} 56. Nd6 {[%clk 0:00:16]} Kd4 {[%clk 0:00:16]} 57. Bg6
{[%clk 0:00:15]} Ke5 {[%clk 0:00:15]} 58. Nc4+ {[%clk 0:00:16]} Kf6
{[%clk 0:00:16]} 59. Bc2 {[%clk 0:00:17]} Be6 {[%clk 0:00:17]} 60. Ne3 Ke5 61.
Bg6 {[%clk 0:00:18]} Bf5 {[%clk 0:00:15]} 62. Bf7 {[%clk 0:00:12]} Bh7
{[%clk 0:00:13]} 63. Nc4+ {[%clk 0:00:13]} Kf6 {[%clk 0:00:12]} 64. Bd5
{[%clk 0:00:14]} Nf5+ {[%clk 0:00:14]} 65. Kh3 {[%clk 0:00:14]} Bg6
{[%clk 0:00:14]} 66. Nd2 {[%clk 0:00:15]} Ke5 {[%clk 0:00:15]} 67. Bb7
{[%clk 0:00:15]} Kf4 {[%clk 0:00:16]} 68. Nb3 {[%clk 0:00:13]} Ne3
{[%clk 0:00:17]} 69. Nd4 {[%clk 0:00:14]} Bd3 {[%clk 0:00:14]} 70. Bc8
{[%clk 0:00:13]} Bc4 {[%clk 0:00:12]} 71. Be6 {[%clk 0:00:13]} Bf1+
{[%clk 0:00:12]} 72. Kh2 {[%clk 0:00:14]} Ke5 {[%clk 0:00:13]} 73. Bf7
{[%clk 0:00:15]} Kxd4 {[%clk 0:00:14]} 74. Bxh5 {[%clk 0:00:16]} Ke5
{[%clk 0:00:15]} 75. Bf3 {[%clk 0:00:16]} Kf4 {[%clk 0:00:16]} 76. Bh5
{[%clk 0:00:16]} Ke4 {[%clk 0:00:15]} 77. Kg3 {[%clk 0:00:16]} Nf5+
{[%clk 0:00:16]} 78. Kg4 {[%clk 0:00:18]} Be2+ {[%clk 0:00:17]} 79. Kg5
{[%clk 0:00:19]} Bd3 {[%clk 0:00:17]} 80. Bg6 {[%clk 0:00:20]} Ke5
{[%clk 0:00:18]} 81. h5 {[%clk 0:00:15]} Be2 {[%clk 0:00:17]} 82. Bxf5
{[%clk 0:00:12]} Bxh5 {[%clk 0:00:18]} 1/2-1/2

[Event "Team Championship (men blitz)"]
[Site "Sochi"]
[Date "2017.10.05"]
[Round "7.2"]
[White "Rozum, Ivan"]
[Black "Andreikin, Dmitry"]
[Result "0-1"]
[LiveChessVersion "1.4.8"]
[BlackElo "2787"]
[WhiteElo "2553"]

1. c4 {[%clk 0:03:02]} e5 {[%clk 0:03:01]} 2. d3 {[%clk 0:03:03]} g6
{[%clk 0:03:02]} 3. g3 {[%clk 0:03:04]} Bg7 {[%clk 0:03:03]} 4. Bg2
{[%clk 0:03:04]} Ne7 {[%clk 0:03:04]} 5. Nc3 {[%clk 0:03:05]} O-O
{[%clk 0:03:04]} 6. e3 {[%clk 0:03:01]} c6 {[%clk 0:03:03]} 7. e4
{[%clk 0:02:50]} d6 {[%clk 0:03:02]} 8. Nge2 {[%clk 0:02:51]} a6 {[%clk 0:03:03]}
9. a4 {[%clk 0:02:50]} a5 {[%clk 0:03:04]} 10. Be3 {[%clk 0:02:50]} Na6
{[%clk 0:03:04]} 11. O-O {[%clk 0:02:51]} Be6 {[%clk 0:03:03]} 12. b3
{[%clk 0:02:48]} d5 {[%clk 0:03:00]} 13. exd5 {[%clk 0:02:47]} cxd5
{[%clk 0:03:01]} 14. d4 {[%clk 0:02:40]} Nb4 {[%clk 0:02:55]} 15. dxe5
{[%clk 0:02:34]} dxc4 {[%clk 0:02:53]} 16. bxc4 {[%clk 0:02:27]} Bxe5
{[%clk 0:02:54]} 17. Bxb7 {[%clk 0:01:56]} Rb8 {[%clk 0:02:55]} 18. Bg2
{[%clk 0:01:57]} Bxc4 {[%clk 0:02:55]} 19. Rc1 {[%clk 0:01:53]} Bxc3
{[%clk 0:02:49]} 20. Nxc3 {[%clk 0:01:51]} Bxf1 {[%clk 0:02:49]} 21. Qxf1
{[%clk 0:01:52]} Qd3 {[%clk 0:02:49]} 22. Bc5 {[%clk 0:01:41]} Rfc8
{[%clk 0:02:23]} 23. Ne4 {[%clk 0:01:14]} Ned5 {[%clk 0:02:10]} 24. Qe1
{[%clk 0:01:12]} Nc2 {[%clk 0:02:01]} 25. Qxa5 {[%clk 0:01:09]} Nd4
{[%clk 0:02:01]} 26. Kh1 {[%clk 0:00:37]} Rb1 {[%clk 0:01:52]} 27. Qe1
{[%clk 0:00:30]} Rxc1 {[%clk 0:01:34]} 28. Qxc1 {[%clk 0:00:31]} Nb3
{[%clk 0:01:34]} 29. Qe1 {[%clk 0:00:13]} Nxc5 {[%clk 0:01:33]} 30. Nxc5
{[%clk 0:00:06]} Rxc5 {[%clk 0:01:33]} 31. Qe8+ {[%clk 0:00:07]} Kg7 32. Qe5+ Nf6
{[%clk 0:01:33]} 33. Qe6 0-1

[Event "Team Championship (men blitz)"]
[Site "Sochi"]
[Date "2017.10.05"]
[Round "7.3"]
[White "Riazantsev, Alexander"]
[Black "Moiseenko, Vadim"]
[Result "0-1"]
[LiveChessVersion "1.4.8"]
[BlackElo "2497"]
[WhiteElo "2670"]

1. d4 {[%clk 0:03:04]} Nf6 {[%clk 0:03:03]} 2. c4 {[%clk 0:03:05]} b6
{[%clk 0:03:04]} 3. Nc3 {[%clk 0:03:00]} Bb7 {[%clk 0:03:06]} 4. Qc2
{[%clk 0:02:57]} d5 {[%clk 0:03:03]} 5. cxd5 {[%clk 0:02:58]} Nxd5
{[%clk 0:03:04]} 6. e4 {[%clk 0:03:00]} Nxc3 {[%clk 0:03:05]} 7. bxc3
{[%clk 0:03:00]} e6 {[%clk 0:03:03]} 8. Bd3 {[%clk 0:02:56]} c5 {[%clk 0:03:03]}
9. Nf3 {[%clk 0:02:57]} Nc6 {[%clk 0:03:03]} 10. Be3 {[%clk 0:02:49]} cxd4
{[%clk 0:02:57]} 11. cxd4 {[%clk 0:02:50]} Bb4+ {[%clk 0:02:53]} 12. Ke2
{[%clk 0:02:49]} Rc8 {[%clk 0:02:46]} 13. Qa4 {[%clk 0:02:26]} O-O
{[%clk 0:02:43]} 14. Rhc1 {[%clk 0:02:28]} Ba5 {[%clk 0:02:20]} 15. a3
{[%clk 0:02:20]} f5 {[%clk 0:01:51]} 16. d5 {[%clk 0:01:25]} exd5
{[%clk 0:01:26]} 17. exf5 {[%clk 0:01:26]} d4 {[%clk 0:01:20]} 18. Bg5
{[%clk 0:01:16]} Qd6 {[%clk 0:01:17]} 19. Kf1 {[%clk 0:01:13]} Kh8
{[%clk 0:01:16]} 20. Qb5 {[%clk 0:00:44]} Bc3 {[%clk 0:01:08]} 21. Rab1
{[%clk 0:00:38]} Qxa3 {[%clk 0:01:09]} 22. f6 {[%clk 0:00:39]} gxf6
{[%clk 0:01:07]} 23. Bh6 {[%clk 0:00:37]} Rg8 {[%clk 0:01:04]} 24. Qh5
{[%clk 0:00:15]} Qe7 {[%clk 0:01:03]} 25. Nh4 {[%clk 0:00:16]} Ne5
{[%clk 0:01:02]} 26. Bf5 {[%clk 0:00:16]} Bxg2+ {[%clk 0:01:02]} 27. Nxg2
{[%clk 0:00:17]} Rc5 {[%clk 0:00:52]} 28. Nh4 {[%clk 0:00:17]} d3
{[%clk 0:00:50]} 29. Be3 {[%clk 0:00:18]} d2 {[%clk 0:00:49]} 30. Rd1
{[%clk 0:00:17]} Qb7 {[%clk 0:00:46]} 31. Bxc5 {[%clk 0:00:14]} Qa6+
{[%clk 0:00:42]} 32. Qe2 {[%clk 0:00:13]} Rg1+ {[%clk 0:00:43]} 33. Kxg1
{[%clk 0:00:14]} Qxe2 {[%clk 0:00:44]} 34. Be3 {[%clk 0:00:10]} Qh5
{[%clk 0:00:45]} 35. Bxd2 {[%clk 0:00:07]} Bxd2 {[%clk 0:00:42]} 36. Rxd2
{[%clk 0:00:08]} Qg5+ {[%clk 0:00:43]} 37. Ng2 {[%clk 0:00:06]} Nf3+ 38. Kh1 Nxd2
{[%clk 0:00:42]} 39. Rd1 {[%clk 0:00:06]} Qxf5 {[%clk 0:00:42]} 40. Rxd2
{[%clk 0:00:07]} Qb1+ {[%clk 0:00:43]} 0-1

[Event "Team Championship (men blitz)"]
[Site "Sochi"]
[Date "2017.10.05"]
[Round "7.4"]
[White "Gogolev, Artem"]
[Black "Rublevsky, Sergei"]
[Result "1/2-1/2"]
[LiveChessVersion "1.4.8"]
[BlackElo "2643"]
[WhiteElo "2330"]

1. c4 {[%clk 0:03:03]} Nf6 {[%clk 0:03:01]} 2. d4 {[%clk 0:02:55]} c6
{[%clk 0:03:01]} 3. Nc3 {[%clk 0:02:55]} d5 {[%clk 0:03:02]} 4. cxd5
{[%clk 0:02:56]} cxd5 {[%clk 0:03:03]} 5. Bf4 {[%clk 0:02:57]} Nc6
{[%clk 0:03:02]} 6. e3 {[%clk 0:02:57]} Bf5 {[%clk 0:03:02]} 7. Bd3
{[%clk 0:02:57]} Bxd3 {[%clk 0:03:02]} 8. Qxd3 {[%clk 0:02:58]} e6
{[%clk 0:03:03]} 9. Rc1 {[%clk 0:02:59]} Bb4 {[%clk 0:03:00]} 10. Nge2
{[%clk 0:02:59]} O-O {[%clk 0:02:58]} 11. O-O {[%clk 0:02:59]} Nd7
{[%clk 0:02:50]} 12. a3 {[%clk 0:02:55]} Bxc3 {[%clk 0:02:49]} 13. Nxc3
{[%clk 0:02:55]} Nb6 {[%clk 0:02:48]} 14. b3 {[%clk 0:02:56]} Qe7
{[%clk 0:02:37]} 15. Nb5 {[%clk 0:02:52]} Rfd8 {[%clk 0:02:19]} 16. Bc7
{[%clk 0:02:51]} Rdc8 {[%clk 0:02:19]} 17. Bxb6 {[%clk 0:02:51]} axb6
{[%clk 0:02:20]} 18. Rc2 1/2-1/2

[Event "Team Championship (men blitz)"]
[Site "Sochi"]
[Date "2017.10.05"]
[Round "7.5"]
[White "Khismatullin, Denis"]
[Black "Fedoseev, Vladimir"]
[Result "1/2-1/2"]
[LiveChessVersion "1.4.8"]
[BlackElo "2656"]
[WhiteElo "2660"]

1. Nf3 {[%clk 0:03:03]} Nf6 {[%clk 0:03:04]} 2. c4 {[%clk 0:03:04]} e6
{[%clk 0:03:05]} 3. Nc3 {[%clk 0:03:05]} d5 {[%clk 0:03:06]} 4. e3
{[%clk 0:03:06]} Be7 {[%clk 0:03:06]} 5. b3 {[%clk 0:03:07]} O-O {[%clk 0:03:06]}
6. Bb2 {[%clk 0:03:09]} Ne4 {[%clk 0:02:55]} 7. Qc2 {[%clk 0:03:06]} Nxc3
{[%clk 0:02:48]} 8. Bxc3 {[%clk 0:03:06]} Nd7 {[%clk 0:02:46]} 9. Bd3
{[%clk 0:02:52]} g6 {[%clk 0:02:39]} 10. h4 {[%clk 0:02:50]} Bf6 {[%clk 0:02:39]}
11. cxd5 {[%clk 0:02:31]} exd5 {[%clk 0:02:37]} 12. h5 {[%clk 0:02:22]} Bxc3
{[%clk 0:02:38]} 13. Qxc3 {[%clk 0:02:08]} Qf6 {[%clk 0:02:39]} 14. Rc1
{[%clk 0:02:01]} Qxc3 {[%clk 0:02:39]} 15. Rxc3 {[%clk 0:02:02]} c6
{[%clk 0:02:38]} 16. Ke2 {[%clk 0:01:49]} a5 {[%clk 0:02:36]} 17. a3
{[%clk 0:01:46]} Re8 {[%clk 0:02:34]} 18. b4 {[%clk 0:01:43]} axb4
{[%clk 0:02:18]} 19. axb4 {[%clk 0:01:45]} Ne5 {[%clk 0:01:41]} 20. Nxe5
{[%clk 0:01:36]} Rxe5 {[%clk 0:01:42]} 21. hxg6 {[%clk 0:01:02]} hxg6
{[%clk 0:01:42]} 22. Rhc1 {[%clk 0:00:25]} Rg5 {[%clk 0:01:26]} 23. Kf3
{[%clk 0:00:11]} Be6 {[%clk 0:01:22]} 24. b5 {[%clk 0:00:10]} Ra4
{[%clk 0:01:08]} 25. g3 {[%clk 0:00:06]} d4 {[%clk 0:00:43]} 26. Rc5
{[%clk 0:00:06]} Bg4+ {[%clk 0:00:23]} 27. Kg2 {[%clk 0:00:05]} Rxc5
{[%clk 0:00:17]} 28. Rxc5 {[%clk 0:00:07]} cxb5 {[%clk 0:00:10]} 29. Rxb5
{[%clk 0:00:05]} Bd7 {[%clk 0:00:10]} 30. Rb1 {[%clk 0:00:04]} Bc6+
{[%clk 0:00:11]} 31. Kf1 {[%clk 0:00:03]} Bf3 {[%clk 0:00:09]} 32. Ke1
{[%clk 0:00:03]} Ra5 {[%clk 0:00:09]} 33. Be2 {[%clk 0:00:04]} Be4
{[%clk 0:00:09]} 34. d3 {[%clk 0:00:05]} Bc6 {[%clk 0:00:08]} 35. exd4
{[%clk 0:00:07]} Ra4 {[%clk 0:00:09]} 36. Kd2 {[%clk 0:00:04]} Rxd4
{[%clk 0:00:09]} 37. Ke3 {[%clk 0:00:05]} Rd6 {[%clk 0:00:09]} 38. Bd1
{[%clk 0:00:05]} Re6+ {[%clk 0:00:10]} 39. Kd2 {[%clk 0:00:06]} Rf6
{[%clk 0:00:11]} 40. Ke3 {[%clk 0:00:06]} Kf8 {[%clk 0:00:11]} 41. Bb3
{[%clk 0:00:06]} Ke7 {[%clk 0:00:11]} 42. f4 {[%clk 0:00:06]} Rf5
{[%clk 0:00:10]} 43. Bc4 {[%clk 0:00:06]} Ra5 {[%clk 0:00:10]} 44. Kd4
{[%clk 0:00:06]} g5 {[%clk 0:00:06]} 45. Re1+ {[%clk 0:00:07]} Kf8
{[%clk 0:00:05]} 46. Re5 {[%clk 0:00:03]} Rxe5 {[%clk 0:00:06]} 47. Ke4 1/2-1/2